|
|
|
|
| LEADER |
00718nab a2200205 i 4500 |
| 001 |
acta15718 |
| 005 |
20210326134533.0 |
| 008 |
161015s1998 hu o 0|| eng d |
| 022 |
|
|
|a 0001-6969
|
| 040 |
|
|
|a SZTE Egyetemi Kiadványok Repozitórium
|b hun
|
| 041 |
|
|
|a eng
|
| 100 |
1 |
|
|a Čizmešija Aleksandra
|
| 245 |
1 |
3 |
|a On Levin's generalization of Carleman's inequalities
|h [elektronikus dokumentum] /
|c Čizmešija Aleksandra
|
| 260 |
|
|
|c 1998
|
| 300 |
|
|
|a 473-481
|
| 490 |
0 |
|
|a Acta scientiarum mathematicarum
|v 64 No. 3-4
|
| 695 |
|
|
|a Matematika
|
| 700 |
0 |
1 |
|a Pečarić Josip E.
|e aut
|
| 700 |
0 |
1 |
|a Žubrinić Darko
|e aut
|
| 856 |
4 |
0 |
|u http://acta.bibl.u-szeged.hu/15718/1/math_064_numb_003_004_473-481.pdf
|z Dokumentum-elérés
|